[Event "Aragon-ch Primera"]
[Site "Spain"]
[Date "2009.??.??"]
[Round "8"]
[White "Casanova, Gabriel"]
[Black "Becana, Alfonso"]
[Result "0-1"]
[WhiteElo "1669"]
[BlackElo "1673"]
[PlyCount "130"]
[EventDate "2009.??.??"]
[EventType "swiss"]
[EventRounds "9"]
[EventCountry "ESP"]
[SourceTitle "EXT 2013"]
[Source "ChessBase"]
[SourceDate "2012.11.22"]
[SourceVersion "1"]
[SourceVersionDate "2012.11.22"]
[SourceQuality "1"]

1. e4 e6 2. Nf3 d5 3. exd5 exd5 4. d4 Bd6 5. Bd3 Nf6 6. Nc3 0-0 7. 0-0 c6 8. Ne2 Re8 9. Ng3 Ne4 10. c3 Nd7 11. Qc2 Ndf6 12. Re1 Nxg3 13. Rxe8+ Qxe8 14. fxg3 Ne4 15. Bf4 Bxf4 16. gxf4 f5 17. Re1 Qe7 18. Qb3 Be6 19. Qb4 Qc7 20. Ne5 Rc8 21. Bxe4 fxe4 22. Qb3 c5 23. Qd1 cxd4 24. Qxd4 Qc5 25. Qxc5 Rxc5 26. Kf2 g6 27. Rd1 Ra5 28. a3 Rb5 29. Rd2 Kg7 30. b4 Kf6 31. Ke3 g5 32. g3 gxf4+ 33. gxf4 Kf5 34. Rg2 Rb6 35. a4 a5 36. b5 Rd6 37. Rg7 b6 38. Rxh7 d4+ 39. cxd4 Bb3 40. Rh5+ Ke6 41. Kxe4 Bxa4 42. Rh6+ Ke7 43. Rxd6 Kxd6 44. Nc4+ Kc7 45. Na3 Kd6 46. h4 Bb3 47. h5 Bg8 48. h6 Ke6 49. Nc4 a4 50. Na3 Bh7+ 51. Ke3 Kd5 52. Kf3 Kxd4 53. Kg4 Kd5 54. Kg5 Ke6 55. Nc4 Bd3 56. Nb2 a3 57. Nxd3 a2 58. f5+ Kf7 59. Ne5+ Kg8 60. Ng6 a1Q 61. Ne7+ Kf7 62. Ng6 Qg1+ 63. Kf4 Qh2+ 64. Kg5 Qg3+ 65. Kh5 Kf6 0-1